000 00521nam a2200193 i 4500
001 43003
003 ES-MaACL
005 20230906160721.0
007 t|
008 030314s1977 sp ||||1| spa d
100 1 _aCencillo, Luis.
_937397
245 1 0 _aTransferencia y sistema de psicoterapia /
_cLuis Cencillo.
260 _aMadrid :
_bPirĂ¡mide,
_c[1977]
300 _a373 p. ;
_c23 cm.
490 1 _aNeurociencia
830 0 _aNeurociencia
_9181789
852 _aES-MaACL
_jA-7737
_bR.96845
999 _c43003
_d43003